Welcome to the Holygrace Academy Library

Please use search bar below to get started

LONG TIME AGO (Record no. 3175)

MARC details
000 -LEADER
fixed length control field 00310nam a22001337a 4500
020 ## - INTERNATIONAL STANDARD BOOK NUMBER
ISBN 81-7490-324-0
082 ## - DEWEY DECIMAL CLASSIFICATION NUMBER
Classification number 823
Item number DHI/L
100 ## - MAIN ENTRY--AUTHOR NAME
Personal name DHINGRA PUBLISHING HOUSE
245 ## - TITLE STATEMENT
Title LONG TIME AGO
260 ## - PUBLICATION, DISTRIBUTION, ETC. (IMPRINT)
Place of publication DELHI
Name of publisher DHINGRA PUBLISHING HOUSE
300 ## - PHYSICAL DESCRIPTION
Number of Pages 56
650 ## - SUBJECT ADDED ENTRY--TOPICAL TERM
Topical Term ENGLISH SHORT STORY
Geographic subdivision DELHI
942 ## - ADDED ENTRY ELEMENTS (KOHA)
Koha item type Books
Holdings
Withdrawn status Lost status Collection code Home library Current library Shelving location Date acquired Source of acquisition Cost, normal purchase price Full call number Accession Number Koha item type
    Fiction Main Library Main Library SHELF 3- E- ENGLISH CHILDRENS LITERATURE &MYTHOLOGY 07/11/2012 PURCHASE 55.00 823 DHI/L 06487 Books